| 000 | 00388nam a2200145Ia 4500 | ||
|---|---|---|---|
| 008 | 231129s2015||||xx |||||||||||||| ||spa|| | ||
| 020 | _a978-958-14-1445-1 | ||
| 040 | _bspa | ||
| 082 | _a(i) 863 Z96a | ||
| 100 | _aZurera Antonio | ||
| 245 | 2 | _aA Alex le gusta leer | |
| 260 | _c2015 | ||
| 264 | _aBogotá Colombia : Plaza y Janés | ||
| 942 |
_2ddc _cBKS |
||
| 999 |
_c4274 _d4274 |
||